00783cam a22002531a 4500001001300000003000400013005001700017008004100034010001700075035002000092040002100112042001200133050001500145245010300160260005100263300003000314500002200344504004100366600003400407650001300441700003600454752002200490999001700512he 68001815 DLC20260227111459.0840119s1960 is c b 010 0 heb  ahe 68001815  a(OCoLC)19146635 aDLCcMHdMUdDLC apremarc00aBM42b.M2400aSefer yovel :bmugash li-khevod ha-Rav Dr. Shimʻon Federbush /cbe-ʻarikhat Y.L. Hakohen Maimon. aJerusalem :bMosad ha-Rav Ḳuḳ,c721 [1960] a351 p. :bport. ;c25 cm. aRomanized record. aIncludes bibliographical references.10aFederbusch Simon,d1892-1969. 0aJudaism.1 aMaimon, Judah Leib,d1875-1962. aIsraeldJerusalem c33401d33401